Collected Poems /

Tallennettuna:
Bibliografiset tiedot
Päätekijä: Gunn, Thom (autor)
Aineistotyyppi: Kirja
Kieli:englanti
Julkaistu: Londres, Inglaterra : Faber and Faber, 1993, c1993
Aiheet:
Tagit: Lisää tagi
Ei tageja, Lisää ensimmäinen tagi!

MARC

LEADER 00000nam^a2200000^a^4500
001 000132854
005 20250521000000.0
009 20260310095112.044
020 |a 0-571-16899-X 
037 |a Acervo ITESO - Biblioteca 
041 |a ING 
082 |a 821.  |b GUN 
100 |a Gunn, Thom  |e (autor) 
245 1 0 |a Collected Poems /  |c T. Gunn. 
264 4 |a Londres, Inglaterra :  |b Faber and Faber,  |c 1993, c1993 
300 |a 495 p. 
336 |a texto  |b txt  |2 rdacontenido 
337 |a sin mediación  |b n  |2 rdamedio 
338 |a volumen  |b nc  |2 rdasoporte 
649 |a XX 
650 |a Poesía Inglesa 
650 |a Literatura Inglesa -  |y Siglo XX 
910 |a Fondo General 
920 |a Impresos - Libros 
930 |a Colección General 
940 |a Literatura 
905 |a 101 
901 |a 0500061969  |b IT1  |c LIT  |u 20250521 
902 |a https://opac.biblio.iteso.mx/vufind/Record/000132854